000 00416nam a2200157 a 4500
001 28280
005 20180713231134.0
008 140415s1998 mx 000 0 spa d
020 _a970101863X
041 _aspa
082 _a657.73
_bGAR
100 1 _aGARCIÁ MENDOZA, ALBERTO
245 1 0 _aEVALUACIÓN DE PROYECTOS DE INVERSIÓN
250 _a1a ed.
260 _aMEXICO :
_bMC GRAW HILL,
_c1998
999 _c28280
_d28280